000
00338nam a22001457a 4500
008
210602b ||||| |||| 00| 0 eng d
020
_a
0801638054
041
_a
eng
080
_a
610.73
082
_a
610.73
100
_a
1
101
_a
INF
245
_a
Protocols for Perinatal Nursing Practice
_c
Rosanne H. Perez
942
_2
udc
_c
BK
999
_c
57930
_d
57930